000 00410nam a2200181Ia 4500
001 16771
005 20260306170335.0
008 260306t2022||||xx |||||||||||||| ||und||
041 _aESP
082 _a657
_bA11
100 _aAbanto Bromley, Martha
_eAUT
245 0 _aSOS contable
260 _c2022
300 _a175 páginas :
_c24 cm.
650 _aGEN
654 _aCCO
942 _cLIB
_dJUS
_fJUS
_2ddc
_n
999 _c16771
_d16771